Responses for Show #3468 - Wednesday, October 6, 1999

Contestants

[<< previous game]

June Murphy, a writer from Champaign, Illinois

Marty Daly, an air traffic controller from Naperville, Illinois

Leslie Quickley, a sous chef from New York City, New York (whose 2-day cash winnings total $19,802)

[next game >>]

Jeopardy! Round responses

THE BIBLE
PROVERBS
ACTS
CHRONICLES
NUMBERS
THE BOOK OF RUTHS
    $100 19
400

Marty
    $100 21
Clothes

Leslie
    $100 3
"Driving Miss Daisy"

June
    $100 6
Japan

June
    $100 30
10

Marty
    $100 11
Babe Ruth

June
    $200 20
Methuselah

Marty
    $200 23
Absence

Marty
    $200 2
"Evita"

Marty
    $200 7
Attila

Leslie
    $200 26
(Leslie: What is 1,000?)

100

LeslieJune
    $200 12
Dr. Ruth Westheimer

June
    $300 29
Judges

Triple Stumper
    $300 24
Honesty

Leslie
    $300 1
"12 Angry Men"

Marty
    $500 8
Hundred Years' War

Leslie
    $300 16
10,000

Leslie
    $300 13
Ruth Buzzi

Marty
    $400 28
Barabbas

Marty
    $400 22
A watched pot

Marty
    $400 4
"The Crucible"

Leslie
    $400 9
Rome

June
    $400 17
$100,000 Bar (now the "100 Grand Bar")

Leslie
    $400 14
Ruth Gordon

Leslie
    $500 27
Cain's wife

Triple Stumper
    $500 25
Coffee

Leslie
    $500 5
"Amadeus"

Marty
    $500 10
Anglo-Saxon

June
    $500 18
Million Man March

June
    $500 15
Ruth Bader Ginsburg

Leslie

Scores at the first commercial break (after clue 15):

Leslie Marty June
$2,000 $1,300 $1,400

Scores at the end of the Jeopardy! Round:

Leslie Marty June
$3,400 $2,700 $2,100

Double Jeopardy! Round responses

THE KOSOVO SITUATION
PUBLIC RADIO
WHICH CAME FIRST?
GHASTLY OPERATIC DEMISES
LITERARY LOCALES
THE "UN"CATEGORY
    $200 24
(L: Who is Milosec Slobo...(time)?)
(minute to go...)

Slobodan Milosevic

LeslieMarty
    $200 2
Garrison Keillor

Marty
    $200 18
Boris Karloff

Leslie
    $200 1
King Arthur

Marty
    $200 15
Pamplona

June
    $200 16
Undressed

Marty
    $400 25
Kosovo Liberation Army

Leslie
    $400 3
Car Talk

June
    $400 22
(J: Who is Philip the Fair?)

Alfred the Great

LeslieJune
    $400 7
Poisoning

Leslie
    $400 14
New Bedford

Leslie
    $400 17
Underworld

Marty
    $600 26
(M: What is Montenegro?)

Macedonia

LeslieMarty
    $600 4
BBC (British Broadcasting Corporation)

Marty
    $600 19
Marion Morrison (better known as John Wayne)

Leslie
    $600 23
Sewer

Marty
    $600 13
San Francisco

June
    $600 8
Unidentified

June
    $400 27
Ottoman Empire

Leslie
    $800 5
Morning Edition

June
    $800 20
Pope Pius XII

June
    $800 29
(M: Who is Casanova?)
(buzzer sounds)

Don Juan

LeslieMarty
    $800 12
(Alex: (after two bungled pronounciation attempts) I can pronounce it right when I concentrate!)

Yoknapatawpha County

Triple Stumper
    $500 9
(J: What is an unknown actress?)
(Alex: You were on the right track.)

Understudy

June
    $1000 28
Pristina

Marty
    $1000 6
This American Life

Triple Stumper
    $1000 21
"The Adoration of the Magi"

Triple Stumper
    $1000 11
(L: What is Sicily?)

Cyprus

Leslie
Triple Stumper
    $1000 10
"The Unready"

June

Scores at the end of the Double Jeopardy! Round:

Leslie Marty June
$6,400 $4,700 $5,600

[wagering suggestions for these scores]

Final Jeopardy! Round responses

ON THE MONEY
MartyWho are Washington, Hamilton & Franklin
$4,000
JuneWho are Benjamin Franklin, Washington, Monroe?
$5,599
LeslieWho is Hamilton, Washington & Franklin?
$4,801
Benjamin Franklin, Alexander Hamilton & George Washington

Final scores:

Leslie Marty June
$11,201 $8,700 $1
3-day champion: $31,003 2nd place: Zenith 36-Inch Stereo TV & Broyhill Entertainment Armoire 3rd place: Pair of Nobel Watches

Game dynamics:

Coryat scores:

Leslie Marty June
$6,600 $4,700 $6,100
19 R
(including 2 DDs),
3 W
18 R,
2 W
15 R,
2 W
(including 1 DD)

Combined Coryat: $17,400

[game clues] [game scores] [suggest correction]

Game tape date: 1999-07-27
The J! Archive is created by fans, for fans. Scraping, republication, monetization, and malicious use prohibited; this site may use cookies and collect identifying information. See terms. The Jeopardy! game show and all elements thereof, including but not limited to copyright and trademark thereto, are the property of Jeopardy Productions, Inc. and are protected under law. This website is not affiliated with, sponsored by, or operated by Jeopardy Productions, Inc. Join the discussion at JBoard.tv.